ბათუმის შოთა რუსთაველის სახელმწიფო უნივერსიტეტის ბიბლიოთეკა

კრავჩუკის ცრემლები : პიესა 4 მოქმედებად და 5 სურათად = Слезы Кравчука / (ბიბ.ჩანაწერი № 50921)

000 -ლიდერი
ფიქსირებული სიგრძის საკონტროლო ველი 01052nam a2200229Ia 4500
001 - საკონტროლო ნომერი
საკონტროლო ველი 17876
003 - საკონტროლო ნომრის იდენტიფიკატორი
საკონტროლო ველი GE_BSU
005 - ბოლო ოპერაციის თარიღი და დრო
საკონტროლო ველი 20200227102751.0
008 - ფიქსირებული სიგრძის მონაცემთა ელემენტები - ზოგადი ინფორმაცია
ფიქსირებული სიგრძის საკონტროლო ველი 181216s1940ge xx |||||||||||||| ||geo||
040 ## - კატალოგიზაციის წყარო
Transcribing agency GE_BSU
041 ## - ენის კოდი
Language code of text/sound track or separate title geo
080 ## - უნივერსალური ათობითი კლასიფიკაციის ინდექსი
Universal Decimal Classification number 821.353.1-2 შ-51
100 ## - მთავარი ჩანაწერი - პიროვნების სახელი
Personal name შერვაშიძე, ა. (ამირან)
9 (RLIN) 7533
245 ## - ცნობა სათაურის შესახებ
Title კრავჩუკის ცრემლები : პიესა 4 მოქმედებად და 5 სურათად = Слезы Кравчука /
Statement of responsibility, etc ა. შერვაშიძე, ; რედ. ლ.შარაშიძე.
264 ## - წარმოების, გამოცემის, დისტრიბუციის და სხვა ცნობები
გამოცემის, წარმოების, დისტრიბუციის... ადგილი ბათუმი :
გამოცემის, წარმოების, დისტრიბუციის... სახელწოდება აჭარის სახელგამი,
გამოცემის, წარმოების, დისტრიბუციის... თარიღი 1940.
300 ## - ფიზიკური აღწერა
Extent 87 გვ. ;
Dimensions 14 სმ.
546 ## - LANGUAGE NOTE
Language note დამატებითი თავფურცელი რუსულ ენაზე.
653 ## - INDEX TERM--UNCONTROLLED
Uncontrolled term კრავჩუკის ცრემლები
653 ## - INDEX TERM--UNCONTROLLED
Uncontrolled term პიესა
700 ## - ADDED ENTRY--PERSONAL NAME
Personal name .შარაშიძე, ლ
Relator term რედაქტორი
9 (RLIN) 7534
942 ## - ADDED ENTRY ELEMENTS (KOHA)
Koha item type წიგნი
Source of classification or shelving scheme
ეგზემპლარები
ჩამოწერის სტატუსი დაკარგული ეგზემპლარის სტატუსი კლასიფიკაციის წყარო ან თაროზე გაწყობის სქემა დაზიანების სტატუსი არ გაიცემა მუდმივი მდებარეობა (დაცვის ადგილი) ამჟამინდელი ადგილსამყოფელი თაროზე განთავსების ადგილი შეძენის თარიღი ღირებულება, შესყიდვის ნორმალური ფასი სრული შენახვის შიფრი შტრიხკოდი ბოლო ოპერაციის თარიღი ეგზემპლარის მიმდევრობითი ნომერი (კეტერი?) ფასის ძალაში შესვლის თარიღი ეგზემპლარის სახეობა საჯარო შენიშვნა
          ბათუმის შოთა რუსთაველის სახელმწიფო უნივერსიტეტის მთავარი ბიბლიოთეკა ბათუმის შოთა რუსთაველის სახელმწიფო უნივერსიტეტის მთავარი ბიბლიოთეკა წიგნსაცავი 2018-12-17 0.80 821.353.1-2 შ-51 45808 2018-12-17 45808 2018-12-17 წიგნი 0.80თ.
          ბათუმის შოთა რუსთაველის სახელმწიფო უნივერსიტეტის მთავარი ბიბლიოთეკა ბათუმის შოთა რუსთაველის სახელმწიფო უნივერსიტეტის მთავარი ბიბლიოთეკა წიგნსაცავი 2018-12-17 0.80 821.353.1-2 შ-51 45809 2018-12-17 45809 2018-12-17 წიგნი 0.80თ.
          ბათუმის შოთა რუსთაველის სახელმწიფო უნივერსიტეტის მთავარი ბიბლიოთეკა ბათუმის შოთა რუსთაველის სახელმწიფო უნივერსიტეტის მთავარი ბიბლიოთეკა წიგნსაცავი 2018-12-17 0.80 821.353.1-2 შ-51 45810 2018-12-17 45810 2018-12-17 წიგნი 0.80თ.
          ბათუმის შოთა რუსთაველის სახელმწიფო უნივერსიტეტის მთავარი ბიბლიოთეკა ბათუმის შოთა რუსთაველის სახელმწიფო უნივერსიტეტის მთავარი ბიბლიოთეკა წიგნსაცავი 2018-12-17 0.80 821.353.1-2 შ-51 45811 2018-12-17 45811 2018-12-17 წიგნი 0.80თ.
          ბათუმის შოთა რუსთაველის სახელმწიფო უნივერსიტეტის მთავარი ბიბლიოთეკა ბათუმის შოთა რუსთაველის სახელმწიფო უნივერსიტეტის მთავარი ბიბლიოთეკა წიგნსაცავი 2018-12-17 0.80 821.353.1-2 შ-51 45812 2018-12-17 45812 2018-12-17 წიგნი 0.80თ.
          ბათუმის შოთა რუსთაველის სახელმწიფო უნივერსიტეტის მთავარი ბიბლიოთეკა ბათუმის შოთა რუსთაველის სახელმწიფო უნივერსიტეტის მთავარი ბიბლიოთეკა წიგნსაცავი 2018-12-17 0.80 821.353.1-2 შ-51 45813 2018-12-17 45813 2018-12-17 წიგნი 0.80 თ.